| 000 | 00455nam a2200133Ia 4500 | ||
|---|---|---|---|
| 008 | 160809s9999 xx 000 0 und d | ||
| 100 | _aTheofanidis, Dimitrios. | ||
| 245 | _aMonitoring in Post Stroke Management | ||
| 245 | _cDimitrios Theofanidis. | ||
| 260 | _bJournal of Nursing and Care | ||
| 260 | _cFebruary 2016 | ||
| 650 | _xNURSING | ||
| 856 | _uhttp://www.omicsgroup.org/journals/ArchiveJNC/jnc-archive.php?journal=jnc&month=February&year=2026 | ||
| 999 |
_c300159 _d300159 |
||